Dr. S. R. Lasker Library Online Catalogue

Home      Library Home      Institutional Repository      E-Resources      MyAthens      EWU Home

The economics of poverty and inequality / (Record no. 4336)

MARC details
000 -LEADER
fixed length control field 01449cam a2200349 a 4500
001 - CONTROL NUMBER
control field 4336
003 - CONTROL NUMBER IDENTIFIER
control field BD-DhEWU
005 - DATE AND TIME OF LATEST TRANSACTION
control field 20140721131504.0
008 - FIXED-LENGTH DATA ELEMENTS--GENERAL INFORMATION
fixed length control field 021003s2003 maua g b 001 0 eng d
020 ## - INTERNATIONAL STANDARD BOOK NUMBER
International Standard Book Number 1840645679 (set)
International Standard Book Number 9781840645675
035 ## - SYSTEM CONTROL NUMBER
System control number (OCoLC)50803320
040 ## - CATALOGING SOURCE
Original cataloging agency DLC
Transcribing agency DLC
Modifying agency DLC
-- BD-DhEWU
Language of cataloging eng
041 ## - LANGUAGE CODE
Language code of text/sound track or separate title eng
050 00 - LIBRARY OF CONGRESS CALL NUMBER
Classification number HB523
Item number .E367 2003
082 04 - DEWEY DECIMAL CLASSIFICATION NUMBER
Classification number 339.22
Item number ECO 2003
245 04 - TITLE STATEMENT
Title The economics of poverty and inequality /
Statement of responsibility, etc edited by Frank A. Cowell.
260 ## - PUBLICATION, DISTRIBUTION, ETC. (IMPRINT)
Place of publication, distribution, etc Northhampton, MA :
Name of publisher, distributor, etc Edward Elgar Pub.,
Date of publication, distribution, etc 2003.
300 ## - PHYSICAL DESCRIPTION
Extent 2 v. :
Other physical details ill. ;
Dimensions 25 cm.
440 #4 - SERIES STATEMENT/ADDED ENTRY--TITLE
Title The international library of critical writings in economics ;
Volume number/sequential designation 158
9 (RLIN) 16106
504 ## - BIBLIOGRAPHY, ETC. NOTE
Bibliography, etc Includes bibliographical references and index.
520 ## - SUMMARY, ETC.
Summary, etc This two-volume collection focuses on the economics of distributional equity and the way general criteria for comparisons of income distribution can be used to inform the analysis of inequality and poverty.
526 ## - STUDY PROGRAM INFORMATION NOTE
Program name Economics
590 ## - LOCAL NOTE (RLIN)
Local note Sagar Shahanawaz
650 #0 - SUBJECT ADDED ENTRY--TOPICAL TERM
Topical term or geographic name as entry element Income distribution
General subdivision Mathematical models.
9 (RLIN) 16291
Topical term or geographic name as entry element Poverty
General subdivision Mathematical models.
9 (RLIN) 16292
Topical term or geographic name as entry element Welfare economics
General subdivision Mathematical models.
9 (RLIN) 16293
700 1# - ADDED ENTRY--PERSONAL NAME
Personal name Cowell, Frank A.
Fuller form of name (Frank Alan)
9 (RLIN) 16294
856 ## - ELECTRONIC LOCATION AND ACCESS
Materials specified WorldCat details
Uniform Resource Identifier https://www.worldcat.org/title/economics-of-poverty-and-inequality/oclc/50803320&referer=brief_results
942 ## - ADDED ENTRY ELEMENTS (KOHA)
Source of classification or shelving scheme Dewey Decimal Classification
Koha item type Text
Holdings
Withdrawn status Lost status Source of classification or shelving scheme Materials specified (bound volume or other part) Damaged status Not for loan Collection code Home library Current library Shelving location Date acquired Source of acquisition Cost, normal purchase price Total Checkouts Full call number Barcode Copy number Koha item type Date last seen Price effective from
    Dewey Decimal Classification Vol- I   Not For Loan Non-fiction Dr. S. R. Lasker Library, EWU Dr. S. R. Lasker Library, EWU Reserve Section 28/09/2005 Karim International 3320.00   339.22 ECO 2003 16136 C-1 Text    
    Dewey Decimal Classification V0l- II   Not For Loan Non-fiction Dr. S. R. Lasker Library, EWU Dr. S. R. Lasker Library, EWU Reserve Section 28/09/2005 Karim International 33320.00   339.22 ECO 2003 16137 C-1 Text 21/07/2014 21/07/2014